000 00462nam a22001457a 4500
003 OSt
005 20240425114624.0
008 240425b |||||||| |||| 00| 0 eng d
040 _cMRSPTU
100 _aVivekananda, Swami (विवेकानन्द, स्वामी)
245 _aBharat Aur Usaki Samasyayen (भारत और उसकी समस्याएँ)
260 _aNagpur
_bRam Krishan Muth
_c2018
300 _a100
942 _2ddc
_cBK
_n0
999 _c10136
_d10136